000 00989 a2200193 4500
001 54213
005 20260407155812.0
008 260407a1972 arg spa d
003 AR-UNSa-BCEJYS
040 _aAR-UNSa-BCEJYS
_bspa
_cAR-UNSa-BCEJYS
080 _a336.74
_xMoneda. Sistema monetario
245 1 0 _aHistoria de las monedas metálicas y del papel moneda
264 1 _aBuenos Aires :
_bEdiciones Macchi
_c1972
300 _a226 p.
_c22 cm.
505 _aPrimera Parte: LA MONEDA EN EL MUNDO: 1. Creación de la moneda – 2. Evolución de la moneda – 3. Trascendencia económica y social de la moneda – 4. Sistemas monetarios – 5. La nueva unidad monetaria: D. E. G. - - Segunda Parte: LA MONEDA EN LA REPUBLICA ARGENTINA: 6. Régimen colonial Argentino – 7. Monedas y bancos Argentinos – 8. Génesis del papel moneda en la Argentina – 9. Evolución monetaria Argentina.
942 _cBK
590 _aniveau_biblio:m niveau_hierar:0
100 1 _aCaletti, Alberto Mario
999 _c5384
_d5384